000 00701nam a22001937a 4500
003 BD-DhUL
005 20160906160809.0
008 160906s1994 bg |||| |||| 000 0 ben d
020 _a9844012325
040 _aBD-DhUL
_cBD-DhUL
082 _a954.92
_bBIN
100 1 _aবড়ুয়া, বিপ্রদাস
245 1 0 _aনদী-মেখলা বাংলাদেশ /
_cবিপ্রদাস বড়ুয়া
260 _aঢাকা :
_bআগামী প্রকাশনী,
_c১৯৯৪.
300 _a৬৮ পৃ. ;
_c২১ সে. মি.
650 0 _a ইতিহাস
_zবাংলাদেশ
650 0 _aHistory
_z Bangladesh
942 _2ddc
_cBK
999 _c104444
_d104444